NBS national BIM library (Record no. 113574)

MARC details
000 -LEADER
fixed length control field 01187cai a22002295a 4500
001 - CONTROL NUMBER
control field L155441
008 - FIXED-LENGTH DATA ELEMENTS--GENERAL INFORMATION
fixed length control field 120323s2012 xxk f 000 0 eng d
035 ## - SYSTEM CONTROL NUMBER
System control number (Sirsi) u155441
041 0# - LANGUAGE CODE
Language code of text/sound track or separate title eng
110 2# - MAIN ENTRY--CORPORATE NAME
Corporate name or jurisdiction name as entry element National Buildings Specification
9 (RLIN) 5911
245 00 - TITLE STATEMENT
Title NBS national BIM library
Medium [electronic resource]
260 ## - PUBLICATION, DISTRIBUTION, ETC.
Place of publication, distribution, etc. Newcastle upon Tyne
Name of publisher, distributor, etc. NBS
Date of publication, distribution, etc. 2012
520 ## - SUMMARY, ETC.
Summary, etc. The National BIM (Building Information Modelling) Library, developed and managed by NBS for the UK construction industry, is a free of charge online resource enabling construction professionals to locate and download generic and proprietary BIM objects. This service aims to host a comprehensive range of systems and products such as walls, windows, doors, foundations, cladding and roofs, with many more to come to become the primary source of standard and proprietary BIM objects.
590 ## - LOCAL NOTE (RLIN)
Local note KA NTK
650 24 - SUBJECT ADDED ENTRY--TOPICAL TERM
Topical term or geographic name entry element BUILDING INFORMATION MODELLING
650 24 - SUBJECT ADDED ENTRY--TOPICAL TERM
Topical term or geographic name entry element BIM
9 (RLIN) 6219
651 #4 - SUBJECT ADDED ENTRY--GEOGRAPHIC NAME
Geographic name United Kingdom
Chronological subdivision
690 ## - LOCAL SUBJECT ADDED ENTRY--TOPICAL TERM (OCLC, RLIN)
Topical term or geographic name as entry element BIM
9 (RLIN) 6219
710 1# - ADDED ENTRY--CORPORATE NAME
Corporate name or jurisdiction name as entry element Northumbria University
856 40 - ELECTRONIC LOCATION AND ACCESS
Uniform Resource Identifier <a href="https://www.nationalbimlibrary.com/">https://www.nationalbimlibrary.com/</a>
Public note Register and view the library free of charge at www.nationalbimlibrary.com
942 ## - ADDED ENTRY ELEMENTS (KOHA)
Suppress in OPAC 0
Holdings
Withdrawn status Lost status Source of classification or shelving scheme Damaged status Not for loan Home library Current library Shelving location Date acquired Total Checkouts Full call number Barcode Date last seen Copy number Price effective from Koha item type
    Dewey Decimal Classification     Virtual Virtual Online 23/03/2012   WEB-SITE 155441-2001 06/08/2019 1 06/08/2019 Online material